| 000 | 01360cam a2200385Ia 4500 | ||
|---|---|---|---|
| 001 | 8743857 | ||
| 003 | OSt | ||
| 005 | 20180116183016.0 | ||
| 006 | m u | ||
| 007 | cr cn||||||||| | ||
| 008 | 080418s2008 enka s 001 0 eng d | ||
| 010 | _z 2008017815 | ||
| 020 | _z0749454040 | ||
| 020 | _z9780749454043 | ||
| 035 | _a(CaPaEBR)ebr10269380 | ||
| 035 | _a(NNC)8743857 | ||
| 040 |
_aCaPaEBR _cCaPaEBR |
||
| 050 | 1 | 4 |
_aHF5549.5.M63 _bF57 2008eb |
| 082 | _a658.3142 FIS 2008 | ||
| 100 | 1 | _aFisher, John G. | |
| 240 | 1 | 0 | _aHow to run successful incentive schemes (2008) |
| 245 | 1 | 0 |
_aHow to run successful employee incentive schemes _h[electronic resource] : _bcreating effective programmes for improved performance / _cJohn G. Fisher. |
| 250 | _a3rd ed. | ||
| 260 |
_aLondon ; _aPhiladelphia : _bKogan Page, _c2008. |
||
| 300 |
_avi, 234 p. : _bill. |
||
| 500 | _aIncludes index. | ||
| 533 |
_aElectronic reproduction. _bPalo Alto, Calif. : _cebrary, _d2009. _nAvailable via World Wide Web. _nAccess may be limited to ebrary affiliated libraries. |
||
| 650 | 0 | _aEmployee motivation. | |
| 650 | 0 | _aIncentives in industry. | |
| 655 | 7 |
_aElectronic books. _2local |
|
| 710 | 2 | _aebrary, Inc. | |
| 856 | 4 | 0 |
_uhttp://www.columbia.edu/cgi-bin/cul/resolve?clio8743857 _zClick here for full text. |
| 942 |
_2ddc _cBK |
||
| 999 |
_c350377 _d350377 |
||